000 00415nam a2200169Ia 4500
001 8666
003 IN-NITTTR
005 20251114233040.0
008 251113s9999||||xx |||||||||||||| ||eng||
040 _beng
040 _cIN-NITTTR
041 _aeng
082 _a621.38415 S82U
100 _aSchultz, John
245 0 _aUnderstanding & using radio communications receivers. /
_cSchultz, John
942 _2ddc
_cBK
999 _c11303
_d11303